| 000 | 00369nam a22001457a 4500 | ||
|---|---|---|---|
| 003 | SGT | ||
| 020 | _a9788123927015 | ||
| 082 |
_a610.734 _bC21M |
||
| 100 | _aMANIVANNAN, SHYAMALA D. | ||
| 245 | _aTB. OF COMMUNITY HEALTH NURSING FOR B. SC NURSING -1 | ||
| 260 |
_aINDIA _bCBS PUB _c2021 |
||
| 300 | _a452 | ||
| 650 | _aCOMMUNITY HEALTH NURSING | ||
| 942 |
_2ddc _cBK _093 |
||
| 999 |
_c21933 _d21933 |
||